000 00753nam a2200193 i 4500
001 104343
003 ES-MaACL
005 20230906183557.0
007 t|
008 051128s1918 sp ||||1| spa d
100 1 _aMillares Carlo, Agustín,
_d1893-1980
_981176
245 1 0 _aDocumentos pontificios en papiro de archivos catalanes
_b: estudio paleográfico y diplomático.
_nPrimera parte /
_cAgustín Millares Carlo, catedrático de latín, por oposición, en el Ateneo de Madrid.
260 _aMadrid :
_bFortanet,
_c1918.
300 _a270 p. ;
_c20 cm.
504 _aBibliografía.
650 4 _aDocumentos pontificios-
_zCataluña.
_9153391
852 _aES-MaACL
_jF-4318
_z.- Dedicatoria manuscrita del autor
999 _c104343
_d104343